Eye See You in Words (ICU) Quiz Stats

 Plays Quiz Updated Jul 31, 2016

Challenge
Share
Tweet
Embed
Score 0/20 Timer 05:00
1 Play Today
% Correct
Agriculture
98.6%
Manicure
96.4%
Perpendicular
95%
Vehicular
94.2%
Ridicule
94.2%
Articulate
93.8%
Curriculum
92.3%
Meticulous
89.8%
Gesticulate
89.4%
Conspicuous
87.9%
% Correct
Difficult
86.7%
Ficus
83.7%
Orbiculate
83.3%
Bicuspid
82%
Modicum
81.2%
Apiculture
81%
Sericulture
80.7%
Matriculate
79.2%
Reticulum
76%
Epicure
74.8%

You're not logged in!

Compare scores with friends on all Sporcle quizzes.
OR
Log In

You Might Also Like...

Show Comments

Extras

Top Quizzes Today


Score Distribution

Your Account Isn't Verified!

In order to create a playlist on Sporcle, you need to verify the email address you used during registration. Go to your Sporcle Settings to finish the process.

Report this User

Report this user for behavior that violates our Community Guidelines.

Details: